000 00696nam a2200241 a 4500
001 000026330
003 DO-SdBNP
005 20230215085152.0
007 ta
008 110314s2007 dr 000 0 spa d
020 _a9789945020250
040 _aDO-SdBNP
_bspa
_cBNPHU
082 _222
_axxx
_bM294
245 0 0 _aManual de indización para archivos /
_cMarisol Mesa León [et.al]...
260 _aSanto Domingo :
_bArchivo General de la Nación,
_c2007.
300 _a65 P. ;
_c24 cm.
490 1 _aArchivo General de la Nación
_v40
504 _aBibliografía: p. 59
590 _aInventariado, 2023 / DG
700 1 _aMesa León , Marisol
_920101
910 _aDG
942 _2ddc
_cLBS1
999 _c25822
_d25822